| 000 | 02722cam a22005894i 4500 | ||
|---|---|---|---|
| 003 | PE-LiUPU | ||
| 005 | 20250731180145.0 | ||
| 008 | 150706s2007 pe a rb 000 0 spa d | ||
| 035 | _a(Sirsi) a50368 | ||
| 040 |
_aPE-LiUPU _bspa _cPE-LiUPU _erda |
||
| 049 | _aPRUA | ||
| 082 | 0 | 4 |
_a516.24076 _bE88 _221 |
| 100 | 1 |
_aEspinoza Ramos, Eduardo, _eautor. |
|
| 245 | 1 | 0 |
_aTrigonometría plana y geometría analítica / _cEduardo Espinoza Ramos. |
| 250 | _a2da. | ||
| 264 | 1 |
_aLima : _bServicios Gráficos J.J, _c2007. |
|
| 300 |
_a871 páginas : _bilustraciones ; _c21 centímetros |
||
| 336 |
_atext _2rdacontent |
||
| 337 |
_aunmediated _2rdamedia |
||
| 338 |
_avolume _2rdacarrier |
||
| 504 | _aBibliografía: página 871. | ||
| 505 | 0 | _aConceptos básicos -- Funciones o relaciones trigonométricas -- Relaciones entre las funciones trigonométricas e identidades trigonométricas -- Funciones trigonométricas de la suma y de la diferencia de dos ángulos y reducción al primer cuadrante -- Funciones trigonométricas de ángulos dobles, triples y de ángulo mitad -- Transformación de suma y resta de funciones trigonométricas a productos y viceversa -- Resolución de triángulos -- Funciones trigonométricas de números reales -- Funciones trigonométricas inversas -- Ecuaciones trigonométricas -- Geometría analítica. | |
| 526 | _aSEG44 | ||
| 526 | _aSEG26 | ||
| 526 | _aP159 | ||
| 526 | _aP155 | ||
| 526 | _aP154 | ||
| 526 | _aP153 | ||
| 526 | _aP150 | ||
| 526 | _aP100 | ||
| 526 | _aP31 | ||
| 526 | _aP30 | ||
| 526 | _aP26 | ||
| 526 | _aP25 | ||
| 526 | _aP24 | ||
| 526 | _aP22 | ||
| 526 | _aP15 | ||
| 526 | _aP10 | ||
| 541 | _g015-0013536; | ||
| 650 | 0 | 4 |
_aTrigonometría plana _xEstudio y enseñanza. |
| 650 | 0 | 4 |
_aTrigonometría plana _vProblemas, ejercicios, etc. |
| 650 | 0 | 4 |
_aGeometría analítica _vProblemas, ejercicios, etc. |
| 910 |
_agl _cjck _d20111103 |
||
| 910 |
_adbm _bsag _csag _d20190416 |
||
| 942 |
_2ddc _cBOOK |
||
| 949 |
_a516.24076 E88 _wDEWEY _c1 _i63942 _lCCODEBUL1 _mBUL _p11.00 _r0 _sY _tLIBRO _u2015-07-06 _xINGENIERIA _zUNKNOWN _o.STAFF. Colección General |
||
| 994 |
_aC0 _bPEPRU |
||
| 596 | _a1 2 | ||
| 999 |
_a516.24076 E88 _wDEWEY _c52797 _i63942 _d52797 _e2018-6-19 _f2021-11-5 _g8 _lCCODEBUL1 _mBUL _n32 _p11.00 _q5 _r0 _sY _tBOOK _u2015-7-6 _xBIBLIOTECA _zUNKNOWN _0COMPRA _o.STAFF. Colección Ingeniería y Arquitectura |
||
| 999 |
_a514 E88 _wDEWEY _c1 _iFT00756 _d2018-11-19 _e2018-11-15 _f2019-2-20 _g1 _lCCODEBUT1 _mBUT _n2 _p10.00 _r0 _sY _tBOOK _u2016-2-26 _xBIBLIOTECA _PP15 _0COMPRA _o.STAFF. Colección General |
||
| 980 |
_81 _gALBERTO SANCHEZ Responsable de Automatización |
||